000 00945nam a22002415i 4500
001 155512
003 ES-MaACL
005 20260318063016.0
008 040721s1886 fr |||| | fre d
040 _aCAM
_bspa
_cCAM
100 1 _aHoffmann, Ernst T. A.
_d1776-1822
_eaut
_9242917
245 1 0 _aContes fantastiques /
_cHoffmann.
250 _aNouvelle éd. précédée d'une notice.
260 _aParis :
_bE. Dentu,
_c1886
_f(Imp. Destenay)
300 _a314, [2] páginas ;
_c19 cm.
490 1 _aBibliothèque choisie des chefs-d'oeuvre français et étrangers ;
_v30
655 4 _2tgfbne
_9226829
_aCuentos
830 0 0 _aBibliothèque choisie des chefs-d'oeuvre français et étrangers ;
_v30
_9221569
852 _aES-MaACL
_cSPP2
_gAn. ms.: donación de A. Escobar
_hDonativo de Antonio Escobar Laredo
_jF-9115
_xPasta española
942 _2udc
_cMONANT
_n0
999 _c155512
_d155512